000 00473nam a22001817a 4500
005 20250411132137.0
008 230818b |||||||| |||| 00| 0 eng d
020 _a978-93-5465-505-0
041 _aeng
082 _a611.8 KAP-I
100 _aKAPOOR, KANCHAN
245 _aINDERBIR SINGH TEXTBOOK OF CLINICAL NEUROANATOMY
250 _a11TH, ED., 2022
260 _aNEW DELHI
_bJAYPEE BROTHERS
_c2022
300 _a294; p
650 _aPHYSIOTHERAPY
_98180
942 _cBK
999 _c8386
_d8384